NATIONAL GEOGRAPHIC : 100 YEARS 1888-1988 (Record no. 373409)

MARC details
000 -LEADER
fixed length control field 00436nam a2200145Ia 4500
008 - FIXED-LENGTH DATA ELEMENTS--GENERAL INFORMATION
fixed length control field 100122s9999 xx 000 0 und d
082 ## - DEWEY DECIMAL CLASSIFICATION NUMBER
Item number 44453
Classification number 910.4
100 ## - MAIN ENTRY--PERSONAL NAME
Personal name GARRETT WILBUR
245 ## - TITLE STATEMENT
Title NATIONAL GEOGRAPHIC : 100 YEARS 1888-1988
260 ## - PUBLICATION, DISTRIBUTION, ETC. (IMPRINT)
Name of publisher, distributor, etc NATIONAL GEOGRAPHIC SOCIETY
Date of publication, distribution, etc 1990
300 ## - PHYSICAL DESCRIPTION
Extent 1215
630 ## - SUBJECT ADDED ENTRY--UNIFORM TITLE
Uniform title NATIONAL GEOGRAPHIC : 100 YEARS 1888-1988
730 ## - ADDED ENTRY--UNIFORM TITLE
Uniform title NATIONAL GEOGRAPHIC : 100 YEARS 1888-1988
942 ## - ADDED ENTRY ELEMENTS (KOHA)
Koha item type Book
Holdings
Withdrawn status Lost status Damaged status Not for loan Home library Current library Date acquired Cost, normal purchase price Total Checkouts Full call number Barcode Date last seen Cost, replacement price Price effective from Koha item type Public note
        S.V. Pathak Library, Vile Parle S.V. Pathak Library, Vile Parle 11/08/1990 500.00   44453 SVPPARLE-44453 01/25/2010 500.00 01/25/2010 Book ", , General, NA"